[Event "72. Corus Chess 2010 GM-B"]
[Site "Wijk aan Zee NED"]
[Date "2010.01.16"]
[Round "1.1"]
[White "Ni, Hua"]
[Black "L'Ami, Erwin"]
[Result "1/2-1/2"]
[WhiteElo "2657"]
[BlackElo "2615"]
[PlyCount "128"]
[EventDate "2010.01.16"]
[EventType "tourn"]
[EventRounds "13"]
[EventCountry "NED"]
[EventCategory "16"]
[Source "lmi"]
[SourceDate "2010.01.16"]

1. e4 e6 2. d4 d5 3. Nd2 c5 4. Ngf3 cxd4 5. exd5 Qxd5 6. Bc4 Qd6 7. O-O Nf6 8.
Bb3 Nc6 9. Nc4 Qd8 10. Qe2 Bc5 11. Rd1 O-O 12. c3 Bd7 13. cxd4 Be7 14. Nce5 Nd5
15. Qe4 Nxe5 16. dxe5 Bc6 17. Qg4 Kh8 18. Bg5 Bxg5 19. Nxg5 h6 20. Ne4 Qe7 21.
Nd6 f6 22. Nc4 f5 23. Qg3 g5 24. Rd4 Nf4 25. Rxf4 gxf4 26. Qxf4 Kh7 27. Nd6 Rg8
28. f3 Rg6 29. Kf2 Rag8 30. g3 Qg5 31. Qxg5 hxg5 32. Ke3 Kg7 33. Rd1 Rf8 34.
Rd4 Rh6 35. f4 gxf4+ 36. Kxf4 Rg6 37. Bd1 Rg8 38. Nxb7 Bxb7 39. Rd7+ Kh6 40.
Rxb7 R6g7 41. Rxg7 Kxg7 42. g4 fxg4 43. Bxg4 Kf7 44. h4 Rd8 45. h5 Rd4+ 46. Kf3
Rd2 47. Kg3 Rxb2 48. h6 Rb4 49. h7 Rb8 50. Kf4 Rh8 51. Bh5+ Kg7 52. Bg4 Kf7 53.
Bh5+ Kf8 54. Bg6 Kg7 55. Bc2 Rf8+ 56. Ke3 Rc8 57. Bd3 Rc1 58. Kd4 Rd1 59. Kc3
Rc1+ 60. Kd4 Rc7 61. Bc4 Rc6 62. Bd3 Kh8 63. Bb5 Rc8 64. Bc4 Rc6 1/2-1/2

[Event "72. Corus Chess 2010 GM-B"]
[Site "Wijk aan Zee NED"]
[Date "2010.01.16"]
[Round "1.3"]
[White "Nyback, Tomi"]
[Black "Nisipeanu, Liviu-Dieter"]
[Result "0-1"]
[WhiteElo "2643"]
[BlackElo "2681"]
[PlyCount "64"]
[EventDate "2010.01.16"]
[EventType "tourn"]
[EventRounds "13"]
[EventCountry "NED"]
[EventCategory "16"]
[Source "lmi"]
[SourceDate "2010.01.16"]

1. d4 Nf6 2. c4 e6 3. Nf3 Bb4+ 4. Nbd2 d5 5. Qa4+ Nc6 6. a3 Bxd2+ 7. Bxd2 Ne4
8. Rd1 O-O 9. e3 Bd7 10. Qc2 Be8 11. b4 a6 12. Bc1 f5 13. Be2 Bh5 14. Bb2 f4
15. exf4 Rxf4 16. O-O Qf6 17. cxd5 exd5 18. Qb3 Qd6 19. Qe3 Nf6 20. Qd2 Ne4 21.
Qe3 Nf6 22. Qd2 Rf8 23. Rde1 Ne4 24. Qe3 Qg6 25. Kh1 R8f5 26. h3 Qf7 27. Rg1
Bxf3 28. Bxf3 Rxf3 29. gxf3 Rxf3 30. Rxg7+ Kxg7 31. Rg1+ Kf8 32. Qh6+ Ke8 0-1

[Event "72. Corus Chess 2010 GM-B"]
[Site "Wijk aan Zee NED"]
[Date "2010.01.16"]
[Round "1.4"]
[White "Giri, Anish"]
[Black "Harikrishna, Pentala"]
[Result "1-0"]
[WhiteElo "2588"]
[BlackElo "2672"]
[PlyCount "109"]
[EventDate "2010.01.16"]
[EventType "tourn"]
[EventRounds "13"]
[EventCountry "NED"]
[EventCategory "16"]
[Source "lmi"]
[SourceDate "2010.01.16"]

1. d4 d5 2. c4 c6 3. Nf3 Nf6 4. Nc3 dxc4 5. a4 Bf5 6. Ne5 e6 7. f3 Bb4 8. Nxc4
Nd5 9. Bd2 Qh4+ 10. g3 Qxd4 11. e4 Nxc3 12. bxc3 Bxc3 13. Ra2 Bxe4 14. Qc1 Bd3
15. Qxc3 Qxc3 16. Bxc3 Bxf1 17. Rxf1 O-O 18. Ke2 b6 19. Rd1 Na6 20. Rd6 Rfc8
21. Ne5 c5 22. a5 Nc7 23. axb6 Nb5 24. Rd3 axb6 25. Rb2 Nc7 26. Nc4 Re8 27.
Nxb6 Ra6 28. Kd2 e5 29. Nd5 Ne6 30. Bxe5 c4 31. Nb4 Ra1 32. Re3 Rd8+ 33. Kc2
Rh1 34. Re2 Rdd1 35. Kc3 Rdf1 36. f4 h5 37. Kxc4 h4 38. Nd5 Rc1+ 39. Rbc2 hxg3
40. hxg3 Rxc2+ 41. Rxc2 f6 42. f5 Nf8 43. Bf4 g6 44. fxg6 Kg7 45. Ra2 Kxg6 46.
Ra6 Nh7 47. Kd3 Re1 48. Ne3 Nf8 49. Ke4 Nd7 50. Rd6 Nf8 51. Kf3 Rb1 52. Kg4 Re1
53. Nd5 Nh7 54. Bg5 Re5 55. Nf4+ 1-0

[Event "72. Corus Chess 2010 GM-B"]
[Site "Wijk aan Zee NED"]
[Date "2010.01.16"]
[Round "1.5"]
[White "Howell, David W L"]
[Black "Negi, Parimarjan"]
[Result "1/2-1/2"]
[WhiteElo "2606"]
[BlackElo "2621"]
[PlyCount "122"]
[EventDate "2010.01.16"]
[EventType "tourn"]
[EventRounds "13"]
[EventCountry "NED"]
[EventCategory "16"]
[Source "lmi"]
[SourceDate "2010.01.16"]

1. d4 d5 2. c4 c6 3. Nc3 Nf6 4. Nf3 dxc4 5. a4 Bf5 6. Ne5 Nbd7 7. Nxc4 Qc7 8.
Qd2 Be6 9. e3 Bxc4 10. Bxc4 e5 11. O-O Bb4 12. Qc2 O-O 13. Ne2 Rad8 14. Rd1 a5
15. b3 Bd6 16. h3 e4 17. Bd2 b5 18. axb5 cxb5 19. Bxa5 Nb6 20. Nc3 bxc4 21.
bxc4 Qxc4 22. Bxb6 Ra8 23. Rxa8 Rxa8 24. Rc1 Nd5 25. Bc5 Qxc3 26. Bxd6 Qxc2 27.
Rxc2 f6 28. Rb2 Rd8 29. Bc5 f5 30. Rb3 g5 31. f3 Re8 32. Kf2 h5 33. Bd6 f4 34.
exf4 e3+ 35. Ke2 gxf4 36. g3 fxg3 37. Bxg3 Ra8 38. Rb8+ Rxb8 39. Bxb8 Kf7 40.
Bg3 Ke6 41. h4 Kf6 42. Kd3 Kg6 43. Ke4 Ne7 44. Be1 Nf5 45. Ke5 e2 46. Ke4 Kf6
47. Kd3 Ke6 48. Bf2 Kd5 49. Kxe2 Ng7 50. Kd3 Nf5 51. Kd2 Ng7 52. Ke2 Nf5 53.
Kd3 Ng7 54. Bg3 Nf5 55. Be5 Nxh4 56. Ke3 Nf5+ 57. Kf4 Nxd4 58. Bxd4 Kxd4 59.
Kg5 Ke3 60. f4 h4 61. Kxh4 Kxf4 1/2-1/2

[Event "72. Corus Chess 2010 GM-B"]
[Site "Wijk aan Zee NED"]
[Date "2010.01.16"]
[Round "1.6"]
[White "Muzychuk, Anna"]
[Black "Akobian, Varuzhan"]
[Result "1/2-1/2"]
[WhiteElo "2523"]
[BlackElo "2628"]
[PlyCount "40"]
[EventDate "2010.01.16"]
[EventType "tourn"]
[EventRounds "13"]
[EventCountry "NED"]
[EventCategory "16"]
[Source "lmi"]
[SourceDate "2010.01.16"]

1. e4 d6 2. Nc3 Nf6 3. f4 c6 4. Nf3 Nbd7 5. e5 Nd5 6. Nxd5 cxd5 7. d4 e6 8. Bd3
Be7 9. O-O g6 10. Qe2 Nb8 11. c3 Nc6 12. Kh1 Qc7 13. Bd2 Bd7 14. Be1 O-O-O 15.
exd6 Bxd6 16. Bh4 Bxf4 17. Bxd8 Rxd8 18. Qf2 f6 19. Ng1 e5 20. Ne2 Bg5 1/2-1/2

[Event "72. Corus Chess 2010 GM-B"]
[Site "Wijk aan Zee NED"]
[Date "2010.01.16"]
[Round "1.7"]
[White "Naiditsch, Arkadij"]
[Black "So, Wesley"]
[Result "1/2-1/2"]
[WhiteElo "2687"]
[BlackElo "2656"]
[PlyCount "221"]
[EventDate "2010.01.16"]
[EventType "tourn"]
[EventRounds "13"]
[EventCountry "NED"]
[EventCategory "16"]
[Source "lmi"]
[SourceDate "2010.01.16"]

1. c4 e6 2. Nc3 Nf6 3. e4 e5 4. Nf3 Nc6 5. Be2 Bb4 6. d3 d6 7. O-O a5 8. Nd5
Bc5 9. Bg5 Be6 10. Kh1 Bxd5 11. cxd5 Nd4 12. Nxd4 Bxd4 13. f4 Be3 14. Bxf6 Qxf6
15. fxe5 Qxe5 16. d4 Bxd4 17. Qa4+ Kf8 18. Bg4 Qg5 19. Bc8 Be5 20. Rf3 Qe7 21.
Bxb7 Rb8 22. Qxa5 Bxb2 23. Rd1 g6 24. Qb4 Be5 25. a4 Kg7 26. a5 Qh4 27. g3 Rxb7
28. Qxb7 Qxe4 29. Rdf1 g5 30. Qb5 Ra8 31. Qd7 Qxd5 32. Qxf7+ Qxf7 33. Rxf7+ Kg6
34. Rxc7 Rxa5 35. Rc2 h5 36. Kg2 Ra4 37. Rc8 h4 38. Rg8+ Kh6 39. Rf2 Ra3 40.
gxh4 gxh4 41. h3 Rg3+ 42. Rxg3 Bxg3 43. Rf3 Kg5 44. Rf8 Be5 45. Kf3 Bg3 46. Ke4
Kg6 47. Kd5 Kg7 48. Rf1 Kg6 49. Ke6 Be5 50. Rf8 Kg7 51. Ra8 Kg6 52. Ra4 Bg3 53.
Rg4+ Kh6 54. Kf5 Kh7 55. Rg6 Be5 56. Kg5 Bf4+ 57. Kh5 Bg3 58. Rg5 Be1 59. Rg6
Bg3 60. Rg4 Be1 61. Re4 Bg3 62. Re7+ Kg8 63. Kg6 Kf8 64. Re4 d5 65. Rd4 Ke7 66.
Rxd5 Ke6 67. Rd4 Ke5 68. Ra4 Bf2 69. Kg5 Bg3 70. Kg4 Ke6 71. Re4+ Kd5 72. Kf5
Kd6 73. Re2 Kd5 74. Rd2+ Kc6 75. Rd1 Kc5 76. Ke4 Kc6 77. Rd5 Bh2 78. Kd4 Bg3
79. Kc4 Kc7 80. Kb5 Be1 81. Re5 Bg3 82. Re6 Kd7 83. Rh6 Kc7 84. Kc5 Kd7 85. Kd5
Ke7 86. Ra6 Kf7 87. Ke4 Ke7 88. Kf5 Kd7 89. Re6 Bh2 90. Kf6 Bd6 91. Re4 Bg3 92.
Rd4+ Kc6 93. Ke6 Kc5 94. Rg4 Bf2 95. Rg5+ Kc4 96. Ra5 Kd4 97. Rd5+ Ke4 98. Rd1
Kf4 99. Ra1 Kg3 100. Ra3+ Kf4 101. Ra2 Be1 102. Kf6 Kg3 103. Re2 Ba5 104. Re3+
Kf4 105. Rb3 Be1 106. Rb1 Bf2 107. Rf1 Kg3 108. Kg5 Bb6 109. Rh1 Bf2 110. Rf1
Bb6 111. Kh5 1/2-1/2

[Event "72. Corus Chess 2010 GM-B"]
[Site "Wijk aan Zee NED"]
[Date "2010.01.17"]
[Round "2.1"]
[White "L'Ami, Erwin"]
[Black "So, Wesley"]
[Result "1/2-1/2"]
[WhiteElo "2615"]
[BlackElo "2656"]
[PlyCount "45"]
[EventDate "2010.01.16"]
[EventType "tourn"]
[EventRounds "13"]
[EventCountry "NED"]
[EventCategory "16"]
[Source "lmi"]
[SourceDate "2010.01.16"]

1. d4 d5 2. c4 dxc4 3. Nf3 Nf6 4. e3 e6 5. Bxc4 c5 6. O-O a6 7. dxc5 Bxc5 8.
Qxd8+ Kxd8 9. Ne5 Ke7 10. Be2 Bd7 11. Bd2 Bb5 12. Bxb5 axb5 13. Nd3 b6 14. Rc1
Ne4 15. Be1 Rd8 16. Nc3 Nxc3 17. Rxc3 b4 18. Rb3 Nc6 19. Nxb4 Nxb4 20. Bxb4
Bxb4 21. Rxb4 Rxa2 22. Rc1 Rd2 23. Rxb6 1/2-1/2

[Event "72. Corus Chess 2010 GM-B"]
[Site "Wijk aan Zee NED"]
[Date "2010.01.17"]
[Round "2.3"]
[White "Negi, Parimarjan"]
[Black "Muzychuk, Anna"]
[Result "1/2-1/2"]
[WhiteElo "2621"]
[BlackElo "2523"]
[PlyCount "81"]
[EventDate "2010.01.16"]
[EventType "tourn"]
[EventRounds "13"]
[EventCountry "NED"]
[EventCategory "16"]
[Source "lmi"]
[SourceDate "2010.01.16"]

1. e4 c5 2. Nf3 e6 3. d4 cxd4 4. Nxd4 a6 5. Be2 Nf6 6. Nc3 Bb4 7. e5 Ne4 8. O-O
Nxc3 9. bxc3 Be7 10. Bf4 O-O 11. Qd3 Bg5 12. Bxg5 Qxg5 13. f4 Qe7 14. f5 f6 15.
Qh3 Nc6 16. fxe6 Nxe5 17. Bd3 Nxd3 18. exd7 Bxd7 19. Qxd3 Rfe8 20. Rf3 Rac8 21.
Rg3 Rc5 22. Rd1 Re5 23. h3 Re3 24. Rxe3 Qxe3+ 25. Kh1 h6 26. Qc4+ Kh7 27. Rf1
Bxh3 28. gxh3 Qxh3+ 29. Kg1 Qg3+ 30. Kh1 Qh3+ 31. Kg1 Qg3+ 32. Kh1 Qh4+ 33. Kg1
Re3 34. Rf2 Re1+ 35. Rf1 Re3 36. Rf2 Re1+ 37. Rf1 Qg3+ 38. Kh1 Qh3+ 39. Kg1
Qg4+ 40. Kf2 Qh4+ 41. Kg1 1/2-1/2

[Event "72. Corus Chess 2010 GM-B"]
[Site "Wijk aan Zee NED"]
[Date "2010.01.17"]
[Round "2.5"]
[White "Nisipeanu, Liviu-Dieter"]
[Black "Giri, Anish"]
[Result "0-1"]
[WhiteElo "2681"]
[BlackElo "2588"]
[PlyCount "62"]
[EventDate "2010.01.16"]
[EventType "tourn"]
[EventRounds "13"]
[EventCountry "NED"]
[EventCategory "16"]
[Source "lmi"]
[SourceDate "2010.01.16"]

1. e4 e5 2. Nf3 Nf6 3. Nxe5 d6 4. Nf3 Nxe4 5. c4 Nc6 6. Be2 Be7 7. O-O O-O 8.
d4 Bf6 9. d5 Ne7 10. Nd4 Re8 11. Na3 Nf5 12. Nac2 Nc5 13. Nb3 Bd7 14. Nxc5 dxc5
15. Bd3 a5 16. Rb1 h6 17. Bd2 b6 18. Qf3 Nd6 19. b3 Be5 20. h3 f5 21. Rfe1 Qf6
22. Re2 Re7 23. Rbe1 Rae8 24. Qh5 g6 25. Qf3 Nf7 26. Bf4 Kg7 27. Qg3 Bxf4 28.
Qxf4 Ne5 29. Qd2 f4 30. Be4 Bxh3 31. Qc3 Bg4 0-1

[Event "72. Corus Chess 2010 GM-B"]
[Site "Wijk aan Zee NED"]
[Date "2010.01.17"]
[Round "2.6"]
[White "Reinderman, Dimitri"]
[Black "Nyback, Tomi"]
[Result "0-1"]
[WhiteElo "2573"]
[BlackElo "2643"]
[PlyCount "78"]
[EventDate "2010.01.16"]
[EventType "tourn"]
[EventRounds "13"]
[EventCountry "NED"]
[EventCategory "16"]
[Source "lmi"]
[SourceDate "2010.01.16"]

1. c4 e6 2. Nc3 d5 3. d4 c6 4. e3 Nf6 5. Nf3 Nbd7 6. Ne5 Nxe5 7. dxe5 Nd7 8.
cxd5 cxd5 9. f4 Be7 10. Bd3 a6 11. O-O b5 12. Ne2 Nc5 13. Bc2 Bb7 14. b3 Ne4
15. Bb2 g6 16. Bd4 Rc8 17. a4 bxa4 18. Rxa4 O-O 19. b4 Rc4 20. Bd3 Rxb4 21.
Bxa6 Bxa6 22. Rxa6 Bc5 23. Rc6 Bxd4 24. Nxd4 Qa8 25. Rc7 Rc4 26. Rxc4 dxc4 27.
Qa1 Qd5 28. Nf3 c3 29. Qa4 Nd2 30. Nxd2 Qxd2 31. h4 c2 32. Qc6 Rb8 33. h5 Rb1
34. Qe8+ Kg7 35. h6+ Kxh6 36. Qf8+ Kh5 37. Qxf7 Rxf1+ 38. Kh2 Rh1+ 39. Kxh1
Qe1+ 0-1

[Event "72. Corus Chess 2010 GM-B"]
[Site "Wijk aan Zee NED"]
[Date "2010.01.17"]
[Round "2.7"]
[White "Ni, Hua"]
[Black "Sutovsky, Emil"]
[Result "1-0"]
[WhiteElo "2657"]
[BlackElo "2657"]
[PlyCount "113"]
[EventDate "2010.01.16"]
[EventType "tourn"]
[EventRounds "13"]
[EventCountry "NED"]
[EventCategory "16"]
[Source "lmi"]
[SourceDate "2010.01.16"]

1. e4 e6 2. d4 d5 3. Nd2 c5 4. Ngf3 cxd4 5. Nxd4 Nf6 6. exd5 Qxd5 7. Nb5 Na6 8.
Nc3 Qd8 9. a3 Be7 10. Bc4 Nc7 11. O-O O-O 12. Qf3 Nfd5 13. Nde4 f5 14. Ng3 Nxc3
15. Qxc3 Nd5 16. Qf3 b5 17. Bxb5 Qc7 18. c4 Nb6 19. Bc6 Rb8 20. b4 Bf6 21. Rb1
Nxc4 22. Bf4 e5 23. Bd5+ Kh8 24. Rfc1 Ba6 25. Nh5 exf4 26. Nxf4 g6 27. b5 Rxb5
28. Rxb5 Bxb5 29. Ne6 Qd6 30. Nxf8 Nd2 31. Qe3 Qxd5 32. Nxg6+ Kg8 33. Nf4 Qd6
34. Rd1 Bg5 35. Rxd2 Qxf4 36. Rd8+ Kg7 37. Qxa7+ Kh6 38. Qb6+ Kh5 39. Rd1 Be2
40. Re1 Qd2 41. Qb4 Qc2 42. Qf8 Bc4 43. Qg7 h6 44. h3 Qd3 45. Qe5 Kg6 46. a4
Bd2 47. Rd1 Bb3 48. Rxd2 Qxd2 49. Qg3+ Kf6 50. Qxb3 Qc1+ 51. Kh2 Qf4+ 52. Qg3
Qxa4 53. Qd6+ Kg5 54. Qe7+ Kh5 55. Qf7+ Kg5 56. g3 f4 57. g4 1-0

[Event "72. Corus Chess 2010 GM-B"]
[Site "Wijk aan Zee NED"]
[Date "2010.01.18"]
[Round "3.2"]
[White "Nyback, Tomi"]
[Black "Ni, Hua"]
[Result "0-1"]
[WhiteElo "2643"]
[BlackElo "2657"]
[PlyCount "76"]
[EventDate "2010.01.16"]
[EventType "tourn"]
[EventRounds "13"]
[EventCountry "NED"]
[EventCategory "16"]
[Source "lmi"]
[SourceDate "2010.01.16"]

1. d4 Nf6 2. c4 g6 3. Nc3 d5 4. cxd5 Nxd5 5. e4 Nxc3 6. bxc3 Bg7 7. Bc4 c5 8.
Ne2 Nc6 9. Be3 O-O 10. O-O Qc7 11. Rc1 Rd8 12. Bf4 Be5 13. Bxe5 Nxe5 14. Bb3
Ng4 15. Ng3 Qf4 16. Qf3 Qxf3 17. gxf3 Nf6 18. Rfd1 Bh3 19. Ne2 Nh5 20. dxc5
Rxd1+ 21. Rxd1 Rc8 22. Bd5 Rxc5 23. Bxb7 Rg5+ 24. Ng3 Nf4 25. Ba6 h5 26. Rd4
Ra5 27. Bc4 e5 28. Rd8+ Kg7 29. Nf1 Ra3 30. Ne3 Rxc3 31. Rd1 a5 32. a4 Ra3 33.
Bb5 Ra2 34. Nc4 Ne2+ 35. Kh1 Nc3 36. Rc1 f6 37. Ne3 Nxb5 38. axb5 Rb2 0-1

[Event "72. Corus Chess 2010 GM-B"]
[Site "Wijk aan Zee NED"]
[Date "2010.01.18"]
[Round "3.3"]
[White "Giri, Anish"]
[Black "Reinderman, Dimitri"]
[Result "1/2-1/2"]
[WhiteElo "2588"]
[BlackElo "2573"]
[PlyCount "61"]
[EventDate "2010.01.16"]
[EventType "tourn"]
[EventRounds "13"]
[EventCountry "NED"]
[EventCategory "16"]
[Source "lmi"]
[SourceDate "2010.01.16"]

1. d4 f5 2. g3 Nf6 3. Bg2 e6 4. c4 Bb4+ 5. Nd2 d5 6. Ngf3 O-O 7. O-O c6 8. Ne5
Ne4 9. Ndf3 b6 10. Nd3 Bd6 11. Nfe5 Bb7 12. f3 Nf6 13. b3 Nbd7 14. Bf4 Qe7 15.
Qd2 c5 16. Nxd7 Nxd7 17. dxc5 Nxc5 18. cxd5 Nxd3 19. Bxd6 Qxd6 20. Qxd3 Qxd5
21. Rfd1 Rac8 22. Qxd5 Bxd5 23. Rac1 Rxc1 24. Rxc1 g5 25. f4 Bxg2 26. Kxg2 gxf4
27. gxf4 Kg7 28. Kf3 Rf7 29. Rc6 Kf6 30. e4 fxe4+ 31. Kxe4 1/2-1/2

[Event "72. Corus Chess 2010 GM-B"]
[Site "Wijk aan Zee NED"]
[Date "2010.01.18"]
[Round "3.4"]
[White "Howell, David W L"]
[Black "Nisipeanu, Liviu-Dieter"]
[Result "1/2-1/2"]
[WhiteElo "2606"]
[BlackElo "2681"]
[PlyCount "46"]
[EventDate "2010.01.16"]
[EventType "tourn"]
[EventRounds "13"]
[EventCountry "NED"]
[EventCategory "16"]
[Source "lmi"]
[SourceDate "2010.01.16"]

1. e4 c5 2. Nf3 e6 3. c3 d5 4. exd5 Qxd5 5. d4 Nf6 6. Be3 cxd4 7. cxd4 Bb4+ 8.
Nc3 O-O 9. Be2 Bd7 10. Qd3 Bc6 11. O-O Bxc3 12. bxc3 Nbd7 13. c4 Qd6 14. Rfd1
Ng4 15. h3 Nxe3 16. Qxe3 Rfe8 17. Ne5 Ba4 18. Rd2 Rad8 19. f4 Qb4 20. Rf1 Re7
21. Kh2 Nf8 22. c5 Bb5 23. a3 Qa4 1/2-1/2

[Event "72. Corus Chess 2010 GM-B"]
[Site "Wijk aan Zee NED"]
[Date "2010.01.18"]
[Round "3.5"]
[White "Muzychuk, Anna"]
[Black "Harikrishna, Pentala"]
[Result "0-1"]
[WhiteElo "2523"]
[BlackElo "2672"]
[PlyCount "178"]
[EventDate "2010.01.16"]
[EventType "tourn"]
[EventRounds "13"]
[EventCountry "NED"]
[EventCategory "16"]
[Source "lmi"]
[SourceDate "2010.01.16"]

1. e4 c6 2. d4 d5 3. Nc3 dxe4 4. Nxe4 Nd7 5. Bd3 Ngf6 6. Ng5 e6 7. N1f3 Bd6 8.
Qe2 h6 9. Ne4 Nxe4 10. Qxe4 Qc7 11. O-O b6 12. b3 Bb7 13. Bb2 c5 14. Qe2 O-O
15. h3 a6 16. c4 cxd4 17. Nxd4 Nf6 18. Rad1 Rfe8 19. Bb1 Bc5 20. Nf3 Qg3 21.
Qe5 Qxe5 22. Nxe5 Rad8 23. Nd3 Be7 24. f3 b5 25. Ne5 Bc5+ 26. Kh2 Bd6 27. Kg1
Nh5 28. Nd3 bxc4 29. bxc4 Rc8 30. Be5 Be7 31. Rc1 Bg5 32. Rc3 Be3+ 33. Nf2 Bc5
34. g4 Nf6 35. Bxf6 gxf6 36. Kg2 a5 37. Ne4 Be7 38. Rfc1 Red8 39. Rd3 Rxd3 40.
Bxd3 Rd8 41. Nf2 Ba6 42. Rc2 Kg7 43. Kf1 Bc5 44. Ne4 Bd4 45. Ke2 Kf8 46. Rd2
Bb7 47. Bc2 Ke7 48. Ba4 f5 49. gxf5 exf5 50. Ng3 Bc8 51. Nh5 Be5 52. Rxd8 Kxd8
53. f4 Bb2 54. Bc2 Kc7 55. Ng3 Bc1 56. Nxf5 Be6 57. Kf3 Bxc4 58. Bb3 Bxb3 59.
axb3 h5 60. Ng3 Kc6 61. Nxh5 Kc5 62. Ke2 Kd4 63. Kd1 Ba3 64. Kc2 Bd6 65. h4 Ke4
66. Nf6+ Kxf4 67. Kd3 Ba3 68. Kc4 Ke5 69. Nd5 f5 70. h5 Bf8 71. Ne3 Ke4 72. Nf1
f4 73. Kb5 Kd3 74. Kxa5 f3 75. b4 f2 76. b5 Ke2 77. b6 Kxf1 78. b7 Bd6 79. h6
Bc7+ 80. Kb4 Ke2 81. h7 f1=Q 82. h8=Q Qb1+ 83. Kc5 Qb6+ 84. Kc4 Qc6+ 85. Kb3
Qxb7+ 86. Ka2 Qd5+ 87. Kb1 Qe4+ 88. Ka2 Be5 89. Qh6 Qa4+ 0-1

[Event "72. Corus Chess 2010 GM-B"]
[Site "Wijk aan Zee NED"]
[Date "2010.01.18"]
[Round "3.6"]
[White "Naiditsch, Arkadij"]
[Black "Negi, Parimarjan"]
[Result "1/2-1/2"]
[WhiteElo "2687"]
[BlackElo "2621"]
[PlyCount "78"]
[EventDate "2010.01.16"]
[EventType "tourn"]
[EventRounds "13"]
[EventCountry "NED"]
[EventCategory "16"]
[Source "lmi"]
[SourceDate "2010.01.16"]

1. e4 c5 2. Nf3 d6 3. d4 cxd4 4. Nxd4 Nf6 5. Nc3 a6 6. Bg5 e6 7. f4 Nbd7 8. Bc4
b5 9. Bxe6 fxe6 10. Nxe6 Qa5 11. Nxf8 Rxf8 12. Qxd6 Kf7 13. e5 b4 14. e6+ Kg8
15. exd7 Bxd7 16. Bxf6 Rxf6 17. Qxd7 Rd8 18. Qh3 bxc3 19. O-O Qb6+ 20. Kh1 Qxb2
21. Rad1 Rdf8 22. Qd3 Qxa2 23. g3 Rc8 24. Rfe1 Re6 25. Qd7 Rxe1+ 26. Rxe1 Rf8
27. Qd3 Rc8 28. Qd7 Rf8 29. Qd3 Rc8 30. Re7 Kh8 31. f5 Qa4 32. Re6 Qb5 33. Qxb5
axb5 34. Rb6 Kg8 35. Rxb5 Rd8 36. Rc5 Rd1+ 37. Kg2 Rd2+ 38. Kf3 Rxc2 39. Rc7
Rc1 1/2-1/2

[Event "72. Corus Chess 2010 GM-B"]
[Site "Wijk aan Zee NED"]
[Date "2010.01.19"]
[Round "4.3"]
[White "Harikrishna, Pentala"]
[Black "Naiditsch, Arkadij"]
[Result "1-0"]
[WhiteElo "2672"]
[BlackElo "2687"]
[PlyCount "83"]
[EventDate "2010.01.16"]
[EventType "tourn"]
[EventRounds "13"]
[EventCountry "NED"]
[EventCategory "16"]
[Source "lmi"]
[SourceDate "2010.01.16"]

1. Nf3 Nf6 2. g3 d5 3. Bg2 c5 4. O-O Nc6 5. d3 e6 6. Nbd2 Be7 7. e4 O-O 8. Re1
b5 9. e5 Ne8 10. Nf1 b4 11. h4 Nc7 12. Bg5 Nb5 13. N1h2 Nbd4 14. c3 Nxf3+ 15.
Nxf3 h6 16. Bf4 bxc3 17. bxc3 Rb8 18. Nh2 Qa5 19. Ng4 Rd8 20. Nxh6+ gxh6 21.
Bxh6 f5 22. Qh5 Bf8 23. Qg6+ Kh8 24. c4 Qc7 25. cxd5 Nd4 26. d6 Qd7 27. Rac1
Bb7 28. Rxc5 Rbc8 29. Rxc8 Rxc8 30. Bxf8 Rxf8 31. Qh6+ Kg8 32. Qg6+ Kh8 33.
Qh5+ Kg8 34. Rc1 Rc8 35. Qg6+ Kh8 36. Rxc8+ Bxc8 37. h5 Ba6 38. Qh6+ Kg8 39.
Qe3 Qa4 40. Qg5+ Kf7 41. Qe7+ Kg8 42. d7 1-0

[Event "72. Corus Chess 2010 GM-B"]
[Site "Wijk aan Zee NED"]
[Date "2010.01.19"]
[Round "4.4"]
[White "Nisipeanu, Liviu-Dieter"]
[Black "Muzychuk, Anna"]
[Result "1/2-1/2"]
[WhiteElo "2681"]
[BlackElo "2523"]
[PlyCount "76"]
[EventDate "2010.01.16"]
[EventType "tourn"]
[EventRounds "13"]
[EventCountry "NED"]
[EventCategory "16"]
[Source "lmi"]
[SourceDate "2010.01.16"]

1. e4 c5 2. Nf3 Nc6 3. d4 cxd4 4. Nxd4 Nf6 5. Nc3 e5 6. Ndb5 d6 7. Bg5 a6 8.
Na3 b5 9. Nd5 Be7 10. Bxf6 Bxf6 11. c4 Nd4 12. cxb5 Bb7 13. Bc4 axb5 14. Bxb5+
Kf8 15. Bc4 Qa5+ 16. Qd2 Bd8 17. Qxa5 Bxa5+ 18. Kd1 f5 19. f3 g6 20. Nb5 Nxb5
21. Bxb5 Kg7 22. Ke2 Rhf8 23. Bc4 Rac8 24. Rhc1 fxe4 25. fxe4 Rf7 26. a4 h5 27.
Rab1 Bd8 28. Rc3 Bxd5 29. Bxd5 Rxc3 30. bxc3 Ra7 31. Rb8 Bc7 32. Rg8+ Kh6 33.
Rc8 Bb6 34. Rb8 Bg1 35. h4 Rxa4 36. Rh8+ Kg7 37. Rg8+ Kh7 38. Ra8 Rxa8 1/2-1/2

[Event "72. Corus Chess 2010 GM-B"]
[Site "Wijk aan Zee NED"]
[Date "2010.01.19"]
[Round "4.5"]
[White "Reinderman, Dimitri"]
[Black "Howell, David W L"]
[Result "0-1"]
[WhiteElo "2573"]
[BlackElo "2606"]
[PlyCount "166"]
[EventDate "2010.01.16"]
[EventType "tourn"]
[EventRounds "13"]
[EventCountry "NED"]
[EventCategory "16"]
[Source "lmi"]
[SourceDate "2010.01.16"]

1. c4 e5 2. g3 Nf6 3. Bg2 c6 4. d4 exd4 5. Qxd4 Na6 6. Nf3 Bc5 7. Qe5+ Be7 8.
O-O O-O 9. Nc3 Re8 10. Rd1 Nc7 11. Qf5 d5 12. Qc2 Bd7 13. Bf4 dxc4 14. Ne5 Ne6
15. Rxd7 Nxd7 16. Rd1 Qc8 17. Nxd7 Rd8 18. Ne5 Nxf4 19. gxf4 Qe6 20. Qe4 Rxd1+
21. Nxd1 Rd8 22. Nc3 Bb4 23. f5 Qe7 24. f4 Rd2 25. Nxc4 Qxe4 26. Bxe4 Bxc3 27.
Nxd2 Bxd2 28. f6 g6 29. f5 Bg5 30. b3 Bxf6 31. Kf2 Kg7 32. Kf3 Be5 33. h3 Kf6
34. Bd3 Kg5 35. fxg6 fxg6 36. Bc4 Kh4 37. Bg8 h5 38. Be6 g5 39. Bc8 b5 40. Kg2
c5 41. Ba6 b4 42. Bc4 Bd4 43. Be6 a5 44. Kh2 g4 45. hxg4 hxg4 46. Kg2 Kg5 47.
Kg3 Be5+ 48. Kf2 Kf4 49. e3+ Kg5 50. Kg2 Kh4 51. Bd5 Bf6 52. Be6 Bg5 53. Kf2
Kh3 54. Ke2 Kg3 55. Bd7 Be7 56. e4 Bd6 57. e5 Bxe5 58. Ke3 Bd6 59. Ke4 Bf8 60.
Ke3 Kh4 61. Be6 Bd6 62. Ke4 Kg5 63. Ke3 g3 64. Kf3 Kf6 65. Bc4 Bf4 66. Bb5 Ke5
67. Bf1 Kf5 68. Bb5 Kg5 69. Bc4 Kh4 70. Be6 Be5 71. Kg2 Bd4 72. Kf3 Bf2 73. Ke2
Kg5 74. Bd5 Kf4 75. Kd3 Bd4 76. Bg2 Bf6 77. Bb7 Be7 78. Bd5 c4+ 79. bxc4 Bc5
80. Bc6 a4 81. Kd2 a3 82. Kc2 Ke3 83. Kb3 Kf2 0-1

[Event "72. Corus Chess 2010 GM-B"]
[Site "Wijk aan Zee NED"]
[Date "2010.01.19"]
[Round "4.6"]
[White "Ni, Hua"]
[Black "Giri, Anish"]
[Result "1/2-1/2"]
[WhiteElo "2657"]
[BlackElo "2588"]
[PlyCount "87"]
[EventDate "2010.01.16"]
[EventType "tourn"]
[EventRounds "13"]
[EventCountry "NED"]
[EventCategory "16"]
[Source "lmi"]
[SourceDate "2010.01.16"]

1. e4 e5 2. Nf3 Nf6 3. Nxe5 d6 4. Nf3 Nxe4 5. Nc3 Nxc3 6. dxc3 Be7 7. Be3 Nc6
8. Qd2 Be6 9. O-O-O Qd7 10. h4 h6 11. Kb1 Bf6 12. Nd4 Nxd4 13. Bxd4 Bxd4 14.
Qxd4 O-O 15. Be2 Rae8 16. Bf3 Qb5 17. g4 b6 18. Qd2 f6 19. Rhe1 Bf7 20. Be4 d5
21. Bd3 Qa5 22. Rxe8 Rxe8 23. b3 Qc5 24. h5 Kf8 25. Kb2 d4 26. Bf5 dxc3+ 27.
Qxc3 Qxc3+ 28. Kxc3 a5 29. a4 Re5 30. Rd8+ Re8 31. Rd3 Re5 32. Rd8+ Re8 33. Rd3
Re5 34. Rh3 Ke7 35. f4 Rc5+ 36. Kb2 Rd5 37. Kc3 Rc5+ 38. Kb2 Rd5 39. Kc3 Rc5+
40. Kd3 Rd5+ 41. Ke2 Rd4 42. Re3+ Kd8 43. Be4 Kd7 44. Bf5+ 1/2-1/2